000 00336nam a2200133Ia 4500
008 240624s9999 xx 000 0 und d
041 _aeng
082 _a332.63 LOG
100 _aLOGAN TINA
245 _aGETTING STARTED IN CANDLESTICK CHARTING
260 _c2008
_aNew Jersey
_bWiley
300 _axii, 260 p.; 23 cm.
365 _c
_b38
999 _c29058
_d29058